00242 a2200097 4500000002500000020001800025100002400043245002700067260003300094999001700127 nam a22 7a 4500 a9780241471227 aKindersley, Dorling aSimply quantum physics bPenguin Random House,c2021. c85455d85455